Harry Potter - Questions en chaîne #2 - Statistiques

Statistiques générales
  • Ce quiz a été pris 151 fois
  • Le résultat moyen est 23 sur 50
Statistiques - réponses
Questions Réponses % Correct
Quel objet est indispensable à un sorcier? une baguette
100%
Objet vendu par... Ollivander
94%
dont le magasin est situé où? le chemin de traverse
86%
alias... Lord Voldemort
66%
Prénom partagé par... Tom Jedusor
66%
dont le barman s'appelle... Tom
65%
On y accède par quel pub? le Chaudron Baveur
61%
qui est directrice de... Beauxbâtons
56%
Quel poste y occupait-il? batteur
55%
tracée par... Albus Dumbledore
53%
dont l'elfe de maison était... Dobby
53%
dont les champions sont désignés par... la Coupe de Feu
53%
dont l'animal de compagnie s'appelle... Fumseck
52%
qui sauve Harry dans... la Chambre des Secrets
52%
qui est son... demi-frère
51%
qui participe au... Tournoi des Trois Sorciers
51%
dont le meilleur ami est... Lee Jordan
49%
qui, ces dernières années, avait été détenu par... Lucius Malefoy
49%
qui assume quelle fonction lors des matches de quidditch? commentateur
48%
souvent réprimandé à ces occasions par... Minerva McGonagall
48%
qu'il ramène à la fin de sa mission avec... Olympe Maxime
48%
poste occupé dans l'équipe de Gryffondor à Poudlard par... Fred et George Weasley
47%
ouverte en 1992 par... Ginny Weasley
47%
où Hagrid cache qui? (tome 5) Graup
47%
au moyen du... journal de Tom Jedusor
47%
qui travaille où? au Ministère de la Magie
46%
qui est le supérieur de... Percy Weasley
44%
qu'il a reçu lorsqu'il a été nommé... préfet
44%
dont une a été élevée par Hagrid et s'appelle... Aragog
43%
lorsque Harry est renvoyé du cours de quel professeur? Dolores Ombrage
42%
ami de quelle autre elfe? Winky
42%
qui appartenait à... Barty Croupton
41%
Poste créé par qui? Cornelius Fudge
41%
dont une colonie se trouve où? dans la forêt interdite
41%
qui est craint par... les araignées
39%
qui représente un couple de sorciers, un gobelin, un elfe de maison et quelle autre créature? un centaure
39%
qui s'est fait agresser par... le basilic
38%
qui sera promue à quel nouveau poste à Poudlard? Grande Inquisitrice
35%
tout comme sa petite amie de Serdaigle qui s'appelle... Pénélope Deauclaire
33%
dans laquelle Fred et George tentent de mettre leur nom au moyen de... une potion de vieillissement
31%
dont le jardin est entretenu par... Frank Bryce
30%
dont le hibou s'appelle... Hermès
30%
dont le père vivait dans quel village? Little Hangleton
30%
mais ils échouent à cause de la... limite d'âge
28%
qui travaillait avec... Ludo Verpey
28%
qui entend Voldemort parler du meurtre de quelle sorcière? Bertha Jorkins
23%
Leur manoir était surnommé... la maison des jeux du sort
22%
qui avait été joueur dans quelle équipe de quidditch? Les Frelons de Wimbourne
16%
qui offre quel type de biscuits à Harry Potter? des tritons au gingembre
9%
dont la fontaine à l'Atrium se nomme... Fontaine de la Fraternité magique
9%
Aucun quiz correspondant
Distribution des résultats
% des personnes avec chaque résultat
Percentile par nombre de réponses
Votre historique - résultats
Vous n’avez pas pris ce quiz